[Event "EU Union-ch U14"]
[Site "Kouty nad Desnou"]
[Date "2016.08.13"]
[Round "8"]
[White "Nanovski, Stiliyan"]
[Black "Slaba, Andrea"]
[Result "1/2-1/2"]
[WhiteElo "1755"]
[BlackElo "1753"]
[PlyCount "83"]
[EventDate "2016.08.06"]
[EventType "swiss"]
[EventRounds "9"]
[EventCountry "CZE"]
[SourceTitle "CBM 174 Extra"]
[Source "ChessBase"]
[SourceDate "2016.10.10"]
[SourceVersion "1"]
[SourceVersionDate "2016.10.10"]
[SourceQuality "1"]

1. d4 Nf6 2. Nf3 d5 3. c4 c6 4. Nc3 e6 5. Bg5 Be7 6. e3 0-0 7. cxd5 exd5 8. Bd3 a5 9. 0-0 Nbd7 10. h3 b5 11. a3 Bb7 12. Qc2 g6 13. Ne2 Nh5 14. Bh6 Re8 15. g4 Ng7 16. Nf4 Bf8 17. Ng5 Qf6 18. h4 Bd6 19. Ng2 Ne6 20. Nxe6 Qxe6 21. f3 Bf8 22. Bxf8 Nxf8 23. Rae1 Qd7 24. Nf4 Ne6 25. Nxe6 Qxe6 26. h5 Qf6 27. hxg6 hxg6 28. Re2 Kg7 29. Qd2 Rh8 30. Rh2 Rxh2 31. Qxh2 Rh8 32. Qg3 Qh4 33. Qxh4 Rxh4 34. Kg2 Rh8 35. g5 Rh5 36. f4 Rh8 37. Rh1 Rxh1 38. Kxh1 f5 39. Kg2 a4 40. Kf2 Kf7 41. Ke2 Ke7 42. Kd2 1/2-1/2

[Event "EU Union-ch U14"]
[Site "Kouty nad Desnou"]
[Date "2016.08.10"]
[Round "5"]
[White "Nanovski, Stiliyan"]
[Black "Malicka, Maria"]
[Result "0-1"]
[WhiteElo "1755"]
[BlackElo "2009"]
[PlyCount "78"]
[EventDate "2016.08.06"]
[EventType "swiss"]
[EventRounds "9"]
[EventCountry "CZE"]
[SourceTitle "CBM 174 Extra"]
[Source "ChessBase"]
[SourceDate "2016.10.10"]
[SourceVersion "1"]
[SourceVersionDate "2016.10.10"]
[SourceQuality "1"]

1. d4 Nf6 2. Nf3 e6 3. Bf4 b6 4. e3 Bb7 5. Nbd2 c5 6. Bd3 Be7 7. c3 0-0 8. e4 d6 9. 0-0 Nc6 10. Qe2 Qc7 11. Rac1 e5 12. Bg3 exd4 13. cxd4 Nh5 14. d5 Nxg3 15. hxg3 Ne5 16. Nxe5 dxe5 17. f4 Bf6 18. f5 Bg5 19. Rc2 Qd6 20. Qg4 Be3+ 21. Kh2 Qh6+ 22. Qh3 Bxd2 23. g4 Bf4+ 24. g3 Qxh3+ 25. Kxh3 Bg5 26. Re1 Rac8 27. Ree2 a6 28. a4 Rc7 29. Rc3 Rfc8 30. b3 Kf8 31. Rec2 Ke7 32. Kg2 Kd6 33. Kf2 h6 34. Be2 c4 35. Rxc4 Rxc4 36. Rxc4 Rxc4 37. Bxc4 Kc5 38. Ke2 Bc8 39. Kd3 b5 0-1

[Event "EU Union-ch U14"]
[Site "Kouty nad Desnou"]
[Date "2016.08.08"]
[Round "3"]
[White "Nanovski, Stiliyan"]
[Black "Palttala, Niko"]
[Result "1-0"]
[WhiteElo "1755"]
[BlackElo "1665"]
[PlyCount "111"]
[EventDate "2016.08.06"]
[EventType "swiss"]
[EventRounds "9"]
[EventCountry "CZE"]
[SourceTitle "CBM 174 Extra"]
[Source "ChessBase"]
[SourceDate "2016.10.10"]
[SourceVersion "1"]
[SourceVersionDate "2016.10.10"]
[SourceQuality "1"]

1. c4 e6 2. Nc3 d5 3. d4 Nf6 4. Nf3 Be7 5. Bf4 0-0 6. e3 c6 7. Ne5 Nbd7 8. Bd3 dxc4 9. Bxc4 Nxe5 10. Bxe5 b5 11. Bd3 Bb7 12. 0-0 a6 13. Ne4 Nxe4 14. Bxe4 Rc8 15. f4 f6 16. Qh5 f5 17. Bf3 Bf6 18. g4 Bxe5 19. fxe5 Rc7 20. b4 f4 21. Be4 g6 22. Qh6 fxe3 23. Qxe3 Rff7 24. a3 Qe8 25. Rxf7 Rxf7 26. Rc1 Qa8 27. Rc5 Rf8 28. Qc1 Rc8 29. Qh6 Re8 30. h4 Re7 31. Qc1 Qf8 32. g5 Re8 33. Qc2 Qf4 34. Bxc6 Bxc6 35. Rxc6 Qxd4+ 36. Qf2 Qa1+ 37. Kg2 Qxa3 38. Qd4 Qa2+ 39. Kg3 Qd5 40. Qxd5 exd5 41. Kf4 Ra8 42. e6 Kf8 43. Ke5 a5 44. bxa5 Rxa5 45. Kxd5 b4+ 46. Kd6 Ra8 47. Rb6 Rd8+ 48. Ke5 Rc8 49. Rxb4 Rc7 50. Kf6 Rc8 51. Rb7 Kg8 52. Rd7 Rf8+ 53. Rf7 Re8 54. Rg7+ Kh8 55. Kf7 Rxe6 56. Rg8# 1-0